Amore e sessualità negli autori latini /

Guardat en:
Dades bibliogràfiques
Autor principal: Canali, Luca, (1925-2014) (Autor)
Altres autors: Pellegrini, Maria
Format: Llibre
Idioma:italià
Publicat: \Milano! : Saggi Bompiani, 2001
Col·lecció:Saggi Bompiani
Matèries:
Etiquetes: Afegir etiqueta
Sense etiquetes, Sigues el primer a etiquetar aquest registre!

MARC

LEADER 00000nam a22000007i 4500
001 IT\ICCU\VIA\0087301
003 ItRI
005 20250218001831.0
008 010629s2001 it |||||| ||||| |||||c
020 |a 8845248526 
040 |b ita  |c ARCIGAY RIMINI 
041 7 |a ita  |2 ISO-639-2 
100 1 |a Canali, Luca,  |d  (1925-2014)  |0 IT\ICCU\CFIV\007920  |4 aut 
240 1 0 |a Amore e sessualità negli autori latini  |9 Canali, Luca <1925-2014> 
245 1 0 |a Amore e sessualità negli autori latini /  |c Luca Canali ; note di Maria Pellegrini. 
260 |a \Milano! :  |b Saggi Bompiani,  |c 2001 
300 |a 224 p. ;  |c 23 cm 
650 7 |a Letteratura latina 
650 7 |a Erotismo nella letteratura latina  |2 scbi 
700 1 |a Pellegrini, Maria  |0 IT\ICCU\RAVV\102852 
830 0 |a Saggi Bompiani  |0 IT\ICCU\CFI\0009357 
942 |2 ddc  |c BK 
952 |0 0  |1 0  |2 ddc  |4 0  |6 870_930000000000000_CAN_AMO  |7 1  |9 3229  |a RN  |b RN  |d 2025-02-18  |e DONO RIMONDINI  |l 0  |o 870.93 CAN AMO  |p 10488  |r 2025-02-18 00:19:46  |w 2025-02-18  |y BK 
981 1 |6 z01  |a i   |b xxxe  
982 1 |6 z01  |a n 
999 |c 2597  |d 2597